| 000 | 00623nam a2200193Ia 4500 | ||
|---|---|---|---|
| 001 | 5321 | ||
| 003 | GE_BSU | ||
| 008 | 181216s||||||||xx |||||||||||||| ||und|| | ||
| 040 | _cGE_BSU | ||
| 080 | _a512.54 | ||
| 245 | _aГрупы ограничениями для под групп | ||
| 245 | _bАН Украинской ССР Орордена трудового красного знамени ин-ут. математики | ||
| 245 | _cОтв. ред. С.Н. Черников | ||
| 260 | _aКиев | ||
| 260 | _bНаукова думка | ||
| 260 | _c1971 | ||
| 300 | _a226с.22 см. | ||
| 942 | _cBK | ||
| 999 |
_c38903 _d38903 |
||